Thế giới tiếng Trung Quốc, tập 1

Spremljeno u:
Bibliografski detalji
Format: Knjiga
Izdano: 2008
Oznake: Dodaj oznaku
Bez oznaka, Budi prvi tko označuje ovaj zapis!
Thư viện lưu trữ: Mạng thư viện Đại học Đà Nẵng
LEADER 00453nam a22001811a 4500
001 000037051
003 13346
005 20160412015002.0
008 160412s2008 000
082 |a 4H(07)787-88 
245 |a Thế giới tiếng Trung Quốc, tập 1  |c Chu Trong Thu 
260 |c 2008 
OWN |a LNN 
999 |a From the UDN01 
TYP |a Monograph 
980 |a Mạng thư viện Đại học Đà Nẵng